00492nam a22001697a 450000500170000001000120001702000260002903700230005508200100007810000320008824500560012026000400017627000430021630000200025994200240027999900190030320260303113013.0 aBACEN26 a9789355625083c450.00 bPrabhat Prakashan  a510.3 aThakur, Rajesh Kumar988042 aDictionary of Mathematics /cby Rajesh Kumar Thakur aNew DelhibPrabhat Prakashan c2024 a4/19 Asaf Ali Road,bNew Delhie110002 a291p.c22cm(pb) 2ddccENh510.3mTHA c215134d215134